Burundi Immigration by Country - Statistics

General Stats
  • This quiz has been taken 69 times
  • The average score is 8 of 10
Answer Stats
# People Country of Origin % Correct
36,324 Rwanda
96%
121,668 DR Congo
95%
23,154 Tanzania
89%
806 Uganda
87%
928 Kenya
80%
190 Somalia
75%
350 Zambia
75%
440 Malawi
67%
288 France
60%
660 Belgium
49%
No matching quizzes found
Score Distribution
Percent of People with Each Score
Percentile by Number Answered
Your Score History
You have not taken this quiz